Dua Lipa - Paroles These Walls - Statistiques

Statistiques générales
  • Ce quiz a été pris 75 fois
  • Le résultat moyen est 261 sur 331
Statistiques - réponses
Hint Réponse % Correct
(I
98%
I
98%
(I)
98%
the
98%
could
96%
these
96%
Post-refrain (These
96%
they
96%
walls
96%
walls,
96%
walls)
96%
if
93%
If
93%
say)
93%
talk
93%
you
93%
"You
93%
Bridge You
93%
up
91%
up"
91%
up,
91%
up)
91%
Refrain But
87%
but
87%
this
87%
to
87%
"Enough"
85%
no
85%
Pré-refrain Oh,
85%
it
83%
It's
80%
not
80%
break
78%
much
78%
we
78%
We
78%
your
78%
"Give
76%
(Give
76%
give
76%
supposed
76%
tell
76%
'Cause,
74%
know
74%
know"
74%
know)
74%
know,
74%
love
74%
love,
74%
should
74%
(They'd
74%
They'd
74%
us
74%
us,
74%
us)
74%
when
74%
And
72%
and
72%
baby,
72%
Couplet 1 Maybe
72%
face
70%
is
70%
on
70%
be
67%
careers
67%
faces
67%
hurt
67%
switch
67%
ends
65%
fucked"
65%
fucked)
65%
in
65%
poker
65%
tears
65%
fadin'
63%
one
63%
don't
61%
Don't
61%
"Go
61%
go
61%
(Go)
61%
night
61%
said
61%
So
61%
"You're
61%
you're
61%
blame
52%
wanna
52%
forever?
50%
sayin'
50%
Wake
50%
fears"
48%
off
48%
really
48%
wasted
48%
mean
46%
our
46%
stop
46%
(Stop)
46%
being
43%
call
43%
cut
43%
together
43%
we're
43%
Did
41%
getting
41%
here
41%
all
39%
knows
39%
stay
39%
beats
35%
hate
35%
Heaven
35%
longer
28%
that
28%
worse
26%
would
26%
(Yeah,
22%
yeah,
22%
Aucun quiz correspondant
Distribution des résultats
% des personnes avec chaque résultat
Percentile par nombre de réponses
Votre historique - résultats
Vous n’avez pas pris ce quiz